Name the NFL Stadiums - Statistics

General Stats
  • This quiz has been taken 16 times
  • The average score is 14 of 32
Answer Stats
Hint Answer % Correct
Los Angeles Chargers SoFi Stadium
82%
Los Angeles Rams SoFi Stadium
82%
Atlanta Falcons Mercedes-Benz Stadium
73%
New York Giants MetLife Stadium
73%
New York Jets MetLife Stadium
73%
Chicago Bears Soldier Field
73%
Kansas City Cheifs Arrowhead Stadium
64%
Dallas Cowboys AT&T Stadium
64%
Miami Dolphins Hard Rock Stadium
64%
Green Bay Packers Lambeau Field
64%
Detroit Lions Ford Field
55%
New England Patriots Gillette Stadium
55%
Carolina Panthers Bank of America Stadium
45%
San Francisco 49ers Levi's Stadium
45%
Indianapolis Colts Lucas Oil Stadium
45%
Baltimore Ravens M&T Bank Stadium
45%
Houston Texans NRG Stadium
45%
Las Vegas Raiders Allegiant Stadium
36%
New Orleans Saints Caesars Superdome
36%
Washington Commanders FedEx Field
36%
Tennessee Titans Nissan Stadium
36%
Cincinnati Bengals Paycor Stadium
36%
Buffalo Bills Highmark Stadium
27%
Seattle Seahawks Lumen Field
27%
Tampa Bay Buccaneers Raymond James Stadium
27%
Minnesota Vikings U.S Bank Stadium
27%
Denver Broncos Empower Field
18%
Jacksonville Jaguars EverBank Stadium
18%
Cleveland Browns Huntington Bank Field
18%
Pittsburgh Steelers Acrisure Stadium
9%
Arizona Cardinals Chase Field
9%
Philadelphia Eagles Lincoln Financial Stadium
0%
No matching quizzes found
Score Distribution
Percent of People with Each Score
Percentile by Number Answered
Your Score History
You have not taken this quiz